000 00699nam a2200169 a 4500
001 000046066
005 20240307073949.0
008 150617s1987 dr 000 0 spa d
040 _aDO-SdBNP
_bspa
_cBNPHU
245 0 0 _aPolíticas del trienio (1987-1990) aprobadas por el Consejo Universitario mediante resolución no. 87-117.
260 _aSanto Domingo :
_bUASD,
_c1987.
300 _a51 p.; :
_b21 cm.
490 1 _aPublicaciones de la Universidad Autónoma de Santo Domingo
500 _aA la cabeza de la cubierta Universidad Autónoma de Santo Domingo Primada de América
710 1 _aUniversidad Autónoma de Santo Domingo
_972951
830 0 _aUniversidad Autónoma de Santo Domingo
_917164
999 _c45555
_d45555